Responses for Show #730 - Friday, November 6, 1987

Kate Waits game 4.

Contestants

[<< previous game]

Pete Stark, a financial analyst from New York City, New York

Dorothy Dunnion, a teacher from Phoenix, Arizona

Kate Waits, a law professor from Albany, New York (whose 3-day cash winnings total $37,803)

[next game >>]

Jeopardy! Round responses

1887
THE FUNNIES
THE BIBLE
MOUNTAINS
SPORTS
QUESTIONABLE SONGS
    $100 2
Sherlock Holmes

Pete
    $100 9
(Alex: He would never be a contestant on "Jeopardy!")

Li'l Abner

Pete
    $100 10
Sodom and Gomorrah

Pete
    $100 27
the Alps

Pete
    $100 21
barrels

Kate
    $100 16
(Pete: "Is That My Gal?")

"Has Anybody Seen My Gal?"

DorothyPete
    $200 3
(Dorothy: I don't know.)

Legion of Honor

DorothyPete
    $200 22
(Alex: A minute to go in the round.)

Woodstock

Kate
    $200 11
Babylon

Pete
    $200 28
[end-of-round signal sounds]

Mount McKinley

Pete
    $200 20
tooth

Kate
    $200 17
"Shall We Dance?"

Dorothy
    $300 4
(Dorothy: Who was Jack London?)

(William Randolph) Hearst

KateDorothy
    $300 23
horrible

Dorothy
    $300 12
Herod(s)

Triple Stumper
    $300 6
spitball

Pete
    $300 14
"Do You Want to Know a Secret?"

Pete
    $400 7
(Giuseppe) Verdi

Pete
    $400 25
Dick Tracy

Dorothy
    $400 13
Moses

Kate
    $400 5
jai-alai

Kate
    $400 18
"What Kind of Fool Am I?"

Kate
    $500 8
(French) Indochina

Dorothy
    $500 24
3-G

Kate
    $800 15
Corinthians (and the Thessalonians)

Pete
    $500 26
K2 (Godwin-Austen)

Kate
    $500 1
Kentucky Derby

Pete
    $500 19
(Alex: With a lot of vibrato!)

"How Can You Mend a Broken Heart?"

Triple Stumper

Scores at the first commercial break (after clue 11):

Kate Dorothy Pete
$700 $0 $1,900

Scores at the end of the Jeopardy! Round:

Kate Dorothy Pete
$3,000 $1,000 $3,200

Double Jeopardy! Round responses

1787
HIGHER EDUCATION
AMERICAN LITERATURE
FOOD
MOVIES
THE QUEEN'S ENGLISH
    $200 9
Japan

Kate
    $200 20
(Kate: Who are Jews?)
(Alex: We've got a minute to go in the round.)

German

KateDorothy
    $200 14
Ronald Reagan

Triple Stumper
    $200 8
derailed (jumped the track)

Pete
    $400 16
Wolfgang Amadeus Mozart

Pete
    $400 21
(Dorothy: What is sauerkraut?)

skunk (or swamp) cabbage

DorothyPete
    $3,500 13
[the song was "Moon River"]

Breakfast at Tiffany's

Kate
    $400 7
boots

Dorothy
    $600 17
France

Pete
    $600 15
The Naked and the Dead

Pete
    $600 1
(Kate: What is fuzz?)
(Pete: What is the flesh does not come off the pit?)

cling

KateDorothyPete
    $600 12
Earthquake

Kate
    $600 5
run in her hose

Dorothy
    $800 18
(Kate: Who were Delaware &, um....[time] New Jersey?)
(Dorothy: Who were Vermont &...[time]?)
(Alex: Kate, you said New Jersey but time ran out on you, I'm sorry.)

Delaware & New Jersey (& Pennsylvania)

KateDorothyPete
    $800 23
Whittier College

Kate
    $800 24
Mutiny on the Bounty

Dorothy
    $800 2
coffee and tea

Dorothy
    $800 11
Yesterday, Today and Tomorrow

Kate
    $800 4
(Alex: Giving Christmas gifts away.)

giving gifts to working class people

Dorothy
    $1000 19
(Pete: What is polo?)

cricket

Pete
Triple Stumper
    $1000 22
(Pete: What is the University of Alabama?)

Auburn

Pete
Triple Stumper
    $1000 25
(Pete: What was Swedish?)
[end-of-round signal sounds]

Norwegian

Pete
Triple Stumper
    $1,000 3
(Alex: And the neck, the feet, the wing tips & the kidney sometimes as well.)

heart, the liver and the gizzard

Dorothy
    $1000 10
Ninotchka

Dorothy
    $1000 6
Swiss bankers

Triple Stumper

Scores at the end of the Double Jeopardy! Round:

Kate Dorothy Pete
$7,300 $6,000 $2,600

[wagering suggestions for these scores]

Final Jeopardy! Round responses

BUSINESS & INDUSTRY
PeteWhat is $3.65?
$2,599
DorothyWhat is $2.35?
$6,000
KateWhat is $3.35
$4,701
$3.35

Final scores:

Kate Dorothy Pete
$12,001 $0 $1
4-day champion: $49,804 3rd place: Serigraph from Scott Arts Graphics 2nd place: Trip ro Vail, Colorado

Game dynamics:

Coryat scores:

Kate Dorothy Pete
$4,200 $6,000 $2,300
14 R
(including 1 DD),
3 W
14 R
(including 1 DD),
4 W
18 R
(including 1 DD),
5 W

Combined Coryat: $12,500

[game clues] [game scores] [suggest correction]

Game tape date: 1987-08-25
The J! Archive is created by fans, for fans. Scraping, republication, monetization, and malicious use prohibited; this site may use cookies and collect identifying information. See terms. The Jeopardy! game show and all elements thereof, including but not limited to copyright and trademark thereto, are the property of Jeopardy Productions, Inc. and are protected under law. This website is not affiliated with, sponsored by, or operated by Jeopardy Productions, Inc. Join the discussion at JBoard.tv.